000 00374nam a2200133Ia 4500
008 100328s9999 xx 000 0 und d
082 _b20207
100 _aप्रभू बबन
245 _aचोरावर मोर
260 _bमॅजेस्टिक
630 _aचोरावर मोर
730 _aचोरावर मोर
942 _cBOOK
999 _c514392
_d514389